Entry Nombre personal
001 - NÚMERO DE CONTROL
- campo de control: 42720
003 - IDENTIFICADOR DE NÚMERO DE CONTROL
- campo de control: SpMaBN
005 - FECHA Y HORA DE LA ÚLTIMA TRANSACCIÓN
- campo de control: 20240223183238.0
008 - ELEMENTOS DE DATO DE LONGITUD-FIJA
- campo de control de longitud fija: 901120nn aijnnaabn a aaa
016 ## - NÚMERO DE CONTROL DE UNA AGENCIA BIBLIOGRÁFICA NACIONAL
- Número de control del registro: BNE19900056056
024 7# - IDENTIFICADOR DE OTROS ESTÁNDARES
- Número estándar o código: http://viaf.org/viaf/7399994/
- Fuente: viaf
024 8# - IDENTIFICADOR DE OTROS ESTÁNDARES
- Número estándar o código: http://www.larramendi.es/aut/POLI20090017375
024 8# - IDENTIFICADOR DE OTROS ESTÁNDARES
- Número estándar o código: https://data.cervantesvirtual.com/person/69
024 7# - IDENTIFICADOR DE OTROS ESTÁNDARES
- Número estándar o código: https://isni.org/isni/0000000368637123
- Fuente: isni
024 7# - IDENTIFICADOR DE OTROS ESTÁNDARES
- Número estándar o código: http://www.wikidata.org/entity/Q173767
- Fuente: wikidata
040 ## - FUENTE DE CATALOGACIÓN
- Centro catalogador/agencia de origen: SpMaBN
- Lengua de catalogación: spa
- Centro/agencia transcriptor: SpMaBN
- Normas de descripción: rdc
- Convención/Normas de encabezamiento de materia/tesauro: embne
046 ## - FECHAS CON CODIFICACIÓN ESPECIAL
- Fecha de nacimiento: 1867
- Fecha de la muerte: 1916
100 1# - ENCABEZAMIENTO-NOMBRE DE PERSONA
- Nombre de persona: Darío, Rubén,
- Fechas asociadas al nombre: 1867-1916
370 ## - LUGAR ASOCIADO
- Lugar de nacimiento: Ciudad Darío
- Fuente de información: Wikidata
374 ## - OCUPACIÓN
- Ocupación: Escritores
- Ocupación: Periodistas
- Ocupación: Diplomáticos
- Ocupación: Periodistas
- Ocupación: Poetas
- Fuente de información: Wikidata
375 ## - GÉNERO/SEXO
- Género: Masculino
377 ## - IDIOMA ASOCIADO
- Término de lengua/lenguaje: Español
400 1# - TRAZADO DE VÉASE--NOMBRE DE PERSONA
- Nombre de persona: García Sarmiento, Félix Rubén,
- Fechas asociadas al nombre: 1867-1916
400 0# - TRAZADO DE VÉASE--NOMBRE DE PERSONA
- Nombre de persona: Darío,
- Fechas asociadas al nombre: 1867-1916
400 0# - TRAZADO DE VÉASE--NOMBRE DE PERSONA
- Nombre de persona: Rubén Darío,
- Fechas asociadas al nombre: 1867-1916
670 ## - FUENTE DE DATOS ENCONTRADOS
- Cita de la fuente: Cantos de vida y esperanza, 1983
- Información encontrada: port. (Rubén Darío)
670 ## - FUENTE DE DATOS ENCONTRADOS
- Cita de la fuente: Dic. de lit. española e hispanoamericana
- Información encontrada: (Darío, Rubén, (Metapa, Nicaragua, 1867-León, Nicaragua, 1916); Félix Rubén García Sarmiento)
670 ## - FUENTE DE DATOS ENCONTRADOS
- Cita de la fuente: El Ateneo de Madrid en el III Centenario de la publicación de El ingenioso hidalgo Don Quijote de la Mancha, 1905
- Información encontrada: port. (Darío; poesías)
678 ## - DATOS BIOGRÁFICOS O HISTÓRICOS
- Datos biográficos o históricos: nombre real: Félix Rubén García Sarmiento
